000 00305nam a22001337a 4500
008 170731b xxu||||| |||| 00| 0 eng d
020 _a9780072881387
041 _aeng
080 _23RD
_a004
100 _a32
101 _aSHK
245 _aINTRODUCTION TO RADAR SYSTEMS
_cSKOLNIK,M.I
942 _2udc
_cBK
999 _c22224
_d22224